Statistics for First 40 SCPs Quiz!

Click here to take the quiz!

General Stats

  • This quiz has been taken 7 times
  • The average score is 17 of 40

Answer Stats

HintAnswer% Correct
SCP-002The "Living" Room
100%
SCP-008Zombie Plague
100%
SCP-012A Bad Composition
67%
SCP-007Abdominal Planet
67%
SCP-003Biological Motherboard
67%
SCP-013Blue Lady Cigarettes
67%
SCP-010Collars of Control
67%
SCP-006Fountain of Youth
67%
SCP-009Red Ice
67%
SCP-011Sentient Civil War Memorial Statue
67%
SCP-005Skeleton Key
67%
SCP-020Unseen Mold
67%
SCP-00412 Rusty Keys and the Door
33%
SCP-026Afterschool Retention
33%
SCP-025A Well-Worn Wardrobe
33%
SCP-023Black Shuck
33%
SCP-032Brother's Bride
33%
SCP-014Concrete Man
33%
SCP-029Daughter of Shadows
33%
SCP-037Dwarf Star
33%
SCP-040Evolution's Child
33%
SCP-024Game Show of Death
33%
SCP-030Homunculus
33%
SCP-028Knowledge
33%
SCP-039Monkey Brain
33%
SCP-034Obsidian Ritual Knife
33%
SCP-015Pipe Nightmare
33%
SCP-035Possessive Mask
33%
SCP-016Sentient Micro-Organism
33%
SCP-017Shadow Person
33%
SCP-021Skin Wyrm
33%
SCP-018Super Ball
33%
SCP-038The Everything Tree
33%
SCP-033The Missing Number
33%
SCP-019The Monster Pot
33%
SCP-022The Morgue
33%
SCP-027The Vermin God
33%
SCP-031What is Love?
33%
SCP-001Awaiting De-classification [Blocked]
0%
SCP-036The Reincarnation Pilgrimage of the
Yazidi (Kiras Guhorîn)
0%

Score Distribution

Percentile by Number Answered

Percent of People with Each Score

Your Score History

You have not taken this quiz